| 000 | 01320nam a22003135i 4500 | ||
|---|---|---|---|
| 999 |
_c27686 _d27657 |
||
| 003 | EG-ScBUE | ||
| 005 | 20191016135741.0 | ||
| 008 | 191016s1999 ua f b 000 0 ara d | ||
| 017 | _a1999 / 7089 | ||
| 020 | _a9772233207 | ||
| 040 |
_aEG-ScBUE _bara _erda _cEG-ScBUE _dEG-ScBUE |
||
| 043 | _aa------ | ||
| 082 | 0 | 4 |
_a321.8095 _bت ح و _222 |
| 245 | 0 | 2 |
_aالتحولات الديمقراطية في آسيا / _cتحرير د. محمد السيد سليم، السيد صدقي عابدين. |
| 264 | 1 |
_aالجيزة، مصر : _bمركز الدراسات الآسيوية، كلية الاقتصاد والعلوم السياسية، جامعة القاهرة، _c1999. |
|
| 300 |
_a164 صفحة ؛ _c24 سم |
||
| 336 |
_2rdacontent _aنص _btxt |
||
| 337 |
_2rdamedia _aبدون وسيط _bn |
||
| 338 |
_2rdacarrier _aمجلد _bnc |
||
| 501 | _aيشتمل على إرجاعات ببليوجرافية. | ||
| 541 |
_aDr. Gamal Selim ; _cDonation ; |
||
| 650 | 7 |
_aالديمقراطية _zآسيا. _2BUEsh |
|
| 651 | 7 |
_aآسيا _xأحوال سياسية. _2BUEsh |
|
| 651 | 7 |
_aآسيا _xسياسة وحكومة. _2BUEsh |
|
| 653 |
_bBUSBOL _bMASPPSS _cOctober2019 |
||
| 700 | 1 |
_aسليم، محمد السيد، _eمحرر. |
|
| 700 | 1 |
_aعابدين، السيد صدقي، _eمحرر. |
|
| 942 | _2ddc | ||